=LDR 00000nam 2200000 4500 =001 NUTBA000000000000504 =005 20140325102830.0 =006 =007 =008 =020 ##$$a 979-22-4436-0 =035 ##$$a 0010-031400000000503 =082 ##$$a F Rom K =090 ##$$a F Rom K$bJon t =100 ##$$a Diana Wynne Jones =245 ##$$a The Worlds of chrestomanci Charmed Life $b Eric Chant dan korek api bertuah $c Diana Wynne Jones =260 ##$$a Jakarta $b PT. Gramedia $c 2009 =300 ##$$a 253 hlm $c 20 cm =650 ##$$a Fiksi Anak =850 ##$$a NBPBMAT =990 ##$$a 21009736